The Hero Of Haldighati/ (Record no. 211339)

MARC details
000 -LEADER
fixed length control field 00551nam a22001817a 4500
005 - DATE AND TIME OF LATEST TRANSACTION
control field 20250519143453.0
010 ## - LCCN (DPL NO)
LC control number ENG-144963
020 ## - INTERNATIONAL STANDARD BOOK NUMBER
International Standard Book Number 9788192557312
Terms of availability 750.00
035 ## - SYSTEM CONTROL NUMBER
System control number EN-128495
037 ## - SOURCE OF ACQUISITION
Source of stock number/acquisition DBAD
082 ## - DEWEY DECIMAL CLASSIFICATION NUMBER
Classification number 954.05
100 ## - MAIN ENTRY--PERSONAL NAME
Personal name Beri, Vikas
245 ## - TITLE STATEMENT
Title The Hero Of Haldighati/
Statement of responsibility, etc Vikas Beri
Remainder of title Maharana Pratap
260 ## - PUBLICATION, DISTRIBUTION, ETC. (IMPRINT)
Place of publication, distribution, etc New Delhi
Name of publisher, distributor, etc J. K. Computers,
Date of publication, distribution, etc 2017
270 ## - ADDRESS
Address 1st Floor, H-1/48, Bengali Colony Mahaveer Enclave
City New Delhi
Postal code 110045
300 ## - PHYSICAL DESCRIPTION
Extent 200P
Dimensions 23(HB)
942 ## - ADDED ENTRY ELEMENTS (KOHA)
Source of classification or shelving scheme Dewey Decimal Classification
Item type English Books
Classification part 954.05
Call number suffix BER
Holdings
Withdrawn status Lost status Not for loan Collection code Home library Current library Date acquired Source of acquisition Cost, normal purchase price Full call number Barcode Copy number Cost, replacement price Koha item type
    Not For Loan Non-fiction D.B.Act.Division D.B.Act.Division 19/05/2025 DBAD 750.00 954.05 BER EN-128495 1 750.00 English Books

© Delhi Public Library
Hit Counter
free hit counter